| 000 | 00492nam a2200181Ia 4500 | ||
|---|---|---|---|
| 005 | 20260429112130.0 | ||
| 008 | 260429s9999||||xx |||||||||||||| ||und|| | ||
| 020 | _a9789352301904 | ||
| 041 | _aEnglish | ||
| 082 |
_a658.4 _bRAJ |
||
| 100 | _aRaju, N. V. S. | ||
| 245 | 0 |
_aOperation research : _btheory and practice / _cN. V. S. Raju |
|
| 250 | _a1st ed. | ||
| 260 |
_aHyderabad : _bBs Publications, _c2024. |
||
| 300 | _axvi, 642 p.; pbk | ||
| 650 | _aOperations research | ||
| 942 | _cTB | ||
| 999 |
_c52512 _d52512 |
||